Development of the Integrated Quality Management Model for Increasing the Strategic Performance of Enterprises in the Automotive Industry

Význam automobilového priemyslu na Slovensku, a to tak pre produkciu v národnom hospodárstve, tvorbu pracovných miest a pridanú hodnotu, ako aj vplyv na dovoz alebo inováciu. Výsledky empirických účinkov automobilového priemyslu na celkovú produkciu, zamestnanosť a pridanú hodnotu v národnom hospodá...

Full description

Saved in:
Bibliographic Details
Main Author: Štofová, Lenka, 1989-
Other Authors: Szaryszová, Petra, 1984-, Vilamová, Šárka
Format: Book Chapter
Language:English
Subjects:
Tags: Add Tag
No Tags, Be the first to tag this record!

MARC

LEADER 00000naa a2200000 4500
001 0241235
005 20240502083647.4
041 0 |a eng 
044 |a UA 
245 1 0 |a Development of the Integrated Quality Management Model for Increasing the Strategic Performance of Enterprises in the Automotive Industry  |c Lenka Štofová, Petra Szaryszová, Šárka Vilamová 
520 |a Význam automobilového priemyslu na Slovensku, a to tak pre produkciu v národnom hospodárstve, tvorbu pracovných miest a pridanú hodnotu, ako aj vplyv na dovoz alebo inováciu. Výsledky empirických účinkov automobilového priemyslu na celkovú produkciu, zamestnanosť a pridanú hodnotu v národnom hospodárstve. Prognózy pre rozvoj automobilového priemyslu na Slovensku, a to v súvislosti s konkurencieschopnosťou samotného priemyslu, ako aj vo vzťahu k novej priemyselnej politike Slovenska - Priemysel 4.0. 
610 2 0 |a priemysel automobilový 
610 2 0 |a Slovensko 
610 2 0 |a systémy integrované manažérske 
610 2 0 |a systémy kvality 
610 2 0 |a konkurencia 
610 2 0 |a zamestnanosť 
610 2 0 |a rast hospodársky 
610 2 0 |a výkonnosť ekonomiky 
610 2 0 |a výkony podnikové 
610 2 0 |a výkony pracovné 
100 1 |a Štofová, Lenka, 1989- 
700 1 |a Szaryszová, Petra, 1984- 
700 1 |a Vilamová, Šárka